Loading...
| Fine Arts - Painting and Sculpture | 0 | 8 | 2 | 1 | 70 | 38 | 96.13 | 2 | 5 |
| Social Science | 0 | 7 | 1 | 0 | 65 | 82 | 93.71 | 3 | 5 |
| History - World History | 0 | 7 | 1 | 0 | 65 | 46 | 97.71 | 0 | 3 |
| Mythology | 0 | 7 | 1 | 0 | 65 | 78 | 103.86 | 2 | 6 |
| Literature - World Literature | 0 | 6 | 0 | 1 | 60 | 52 | 112.33 | 1 | 2 |
| History - American History | 0 | 6 | 0 | 1 | 60 | 58 | 78.33 | 4 | 5 |
| Science - Physics | 0 | 6 | 1 | 1 | 55 | 65 | 92.83 | 1 | 4 |
| Religion | 0 | 6 | 1 | 0 | 55 | 95 | 113.83 | 0 | 2 |
| Science - Other Science | 0 | 6 | 1 | 0 | 55 | 56 | 72.83 | 1 | 5 |
| Philosophy | 0 | 5 | 0 | 0 | 50 | 73 | 94.60 | 1 | 2 |
| Literature - European Literature | 0 | 6 | 3 | 0 | 45 | 55 | 111.17 | 1 | 2 |
| Literature - American Literature | 0 | 6 | 3 | 0 | 45 | 81 | 111.33 | 0 | 2 |
| History - European History | 0 | 5 | 1 | 1 | 45 | 52 | 101.00 | 1 | 2 |
| Science - Biology | 0 | 5 | 2 | 2 | 40 | 92 | 111.20 | 0 | 0 |
| Fine Arts - Other Fine Arts | 0 | 4 | 1 | 0 | 35 | 80 | 104.50 | 0 | 3 |
| Fine Arts - Classical Music | 0 | 3 | 1 | 2 | 25 | 116 | 124.67 | 0 | 0 |
| Literature - British Literature | 0 | 4 | 3 | 0 | 25 | 82 | 113.00 | 0 | 0 |
| Geography | 0 | 2 | 0 | 1 | 20 | 67 | 96.50 | 1 | 2 |
| Science - Chemistry | 0 | 2 | 1 | 0 | 15 | 80 | 99.50 | 0 | 2 |
| Other Academic | 0 | 1 | 0 | 0 | 10 | 79 | 79.00 | 0 | 1 |
| History - Other History | 0 | 1 | 1 | 1 | 5 | 130 | 130.00 | 0 | 0 |
| Pop Culture | 0 | 0 | 1 | 0 | -5 | 0.00 | 0 | 0 |